000 00662nam a22002177a 4500
003 koha_MIRAKIL
005 20250411130809.0
008 250411b |||||||| |||| 00| 0 ||| d
020 _a9786052953600
040 _aTR-IsEVY
_btur
_cTR-IsEVY
041 _atur
082 _aFIC ÖME/Y
100 1 _aÖmer Seyfettin
245 0 _aYalnız Efe /
_cÖmer Seyfettin.
250 _a11. bs.
260 _aİstanbul :
_bTürkiye İş Bankası Kültür Yayınları,
_c2023.
300 _a47 s. :
_bresimli ;
_c20 cm.
500 _aKısaltılmış İş Çocuk Klasikleri.
650 _aÇocuk Edebiyatı.
_vÇocuk Romanları.
_vÇocuk Klasikleri.
942 _2ddc
_cBK
999 _c21728
_d21728